000 01262nam1a22002531i 4500
001 rc\3607047
005 20240726082306.0
035 _a(NLR Aleph) 007815281
090 _a7726414
_c7726414
100 _a20130115d1974 |||y0rusy50 ca
101 0 _arus
102 _aRU
105 _a z |||||
200 1 _aМатематика и механика
_eТезисы докл. Пятой Казахстанской межвуз. науч. конф. по математике и механике, посвящ. 40-летию Каз. ордена Труд. Красного Знамени гос. ун-та им. С.М. Кирова. 9-11 сент. 1974 г.
_fМ-во высш. и сред. спец. образования КазССР. Каз. гос. ун-т им. С.М. Кирова
210 _aАлма-Ата
_cБ. и.
_d1974
215 _d20
606 _aМеханика
_jТезисы докладов
_2psbo
606 _aМатематика
_jТезисы докладов
_2psbo
712 1 2 _aКазахстанская межвуз. науч. конф. по математике и механике (5; 1974; Алма-Ата)
801 0 _aRU
_bNLR
_gpsbo
801 1 _aRU
_bELAR
_2rusmarc
852 _aNLR
_j74-3/2783
942 _cBOOK